Т. 40, № 2; Компьютерная оптика

Dettagli Bibliografici
Parent link:Компьютерная оптика: научно-технический журнал/ Российская академия наук (РАН). Т. 40, № 2.— , 2016-.— 2412-6179
Lingua:russo
Pubblicazione: 2016
Accesso online:http://www.computeroptics.ru/KO/KO40-2og.html
https://elibrary.ru/contents.asp?id=34236818
Natura: MixedMaterials Elettronico Libro
KOHA link:https://koha.lib.tpu.ru/cgi-bin/koha/opac-detail.pl?biblionumber=578129

MARC

LEADER 00000nam2a2200000 4500
001 578129
005 20231101130433.0
035 |a (RuTPU)RU\TPU\prd\277608 
035 |a RU\TPU\prd\277607 
090 |a 578129 
100 |a 20180529a19879999k y0rusy50 ca 
101 0 |a rus 
102 |a RU 
181 0 |a i  
182 0 |a b 
200 0 |a Т. 40, № 2  |b Электронный ресурс 
203 |a Текст  |c электронный 
210 |d 2016 
461 1 |0 (RuTPU)RU\TPU\prd\277606  |x 2412-6179  |t Компьютерная оптика  |o научно-технический журнал  |f Российская академия наук (РАН)  |v Т. 40, № 2  |d 2016- 
801 0 |a RU  |b 63413507  |c 20010227  |g PSBO 
801 1 |a RU  |b 63413507  |c 20160324 
801 2 |a RU  |b 63413507  |c 20220221  |g RCR 
856 4 0 |u http://www.computeroptics.ru/KO/KO40-2og.html 
856 4 0 |u https://elibrary.ru/contents.asp?id=34236818 
942 |c BK